Biomonitoring skládky lúženca v Seredi = Biomonitoring at the dump of the lye from iron-nickel ore in Sereď : Diplomová práca
Salvato in:
| Autore principale: | |
|---|---|
| Altri autori: | |
| Natura: | Manoscritto Libro |
| Lingua: | slovacco |
| Pubblicazione: |
Trnava :
STU v Bratislave MTF UBEI,
2007
|
| Soggetti: | |
| Tags: |
Nessun Tag, puoi essere il primo ad aggiungerne!!
|
MARC
| LEADER | 00000ntm a22000003a 4500 | ||
|---|---|---|---|
| 001 | stu157314 | ||
| 005 | 20160719155851.4 | ||
| 008 | 080206s2007----xo------------------slo-d | ||
| 040 | |a STU |b slo | ||
| 041 | 0 | |a slo | |
| 044 | |a xo | ||
| 100 | 1 | |a Nešťák, Matúš |4 aut | |
| 245 | 1 | |a Biomonitoring skládky lúženca v Seredi = Biomonitoring at the dump of the lye from iron-nickel ore in Sereď : |b Diplomová práca | |
| 260 | |a Trnava : |b STU v Bratislave MTF UBEI, |c 2007 | ||
| 300 | |a 60 s |c 1 CD-ROM | ||
| 500 | |a Program: Environmentálne a bezpečnostné inžinierstvo | ||
| 650 | 7 | |a biomonitoring |2 estusub | |
| 650 | 7 | |a skládky odpadov |2 stusub | |
| 650 | 7 | |a avifauna |2 stusub | |
| 700 | 1 | |a Rusko, Miroslav, |d 1953- |4 xxx |u M5000 |U MTF Materiálovotechnologická fakulta |T MTF Ústav bezpečnosti, environmentu a kvality |X 2796 |U M5000 |Y 85 |7 A000002796 | |
| 996 | |b 284M067200 |c M*DP-6965 |l MMSKP |s P |a 0 |w stu157314_0001 | ||